000 00681nam a2200241Ia 4500
008 180207s9999 xx 000 0 und d
020 _a9786214150137
050 _a570
050 _bD331 2016
100 _adela Peña, Renato A.
245 _aGeneral biology : combined book 1 & 2 /
245 _cby Renato A. dela Peña, Jr., Daniel E. Gracilla and Christian R. Pangilinan.
260 _aManila, Philippines :
260 _bJFS Publishing Services,
260 _c2016
300 _a214 pages :
300 _billustrations ;
300 _c25cm.
650 _aBiology.
700 _aGracilla, Daniel E.
700 _aPangilinan, Christian R.
700 _aTitle.
999 _c355914
_d355914